[Event "Hennebont Grand Prix"]
[Site "Hennebont"]
[Date "2006.08.06"]
[Round "4"]
[White "Romascheff, Nicolas"]
[Black "Loizil, Joel"]
[Result "0-1"]
[WhiteElo "1500"]
[BlackElo "1912"]
[PlyCount "86"]
[EventDate "2006.08.05"]
[EventType "swiss"]
[EventRounds "7"]
[EventCountry "FRA"]
[SourceTitle "EXT 2007"]
[Source "ChessBase"]
[SourceDate "2006.11.23"]
[SourceVersion "1"]
[SourceVersionDate "2006.11.23"]
[SourceQuality "1"]

1. g3 Nf6 2. Bg2 e6 3. d3 d5 4. Bg5 Be7 5. Nf3 0-0 6. 0-0 c6 7. Nbd2 Nbd7 8. c4 Re8 9. b3 Qc7 10. Re1 e5 11. e4 dxe4 12. Nxe4 Nxe4 13. Rxe4 f6 14. Bc1 Bc5 15. d4 Bd6 16. dxe5 Nxe5 17. Bb2 Bf5 18. Re3 Rad8 19. Qd4 Nxf3+ 20. Bxf3 Be5 21. Qxa7 Bxb2 22. Rxe8+ Rxe8 23. Rd1 Be5 24. Qe3 Rd8 25. Rxd8+ Qxd8 26. Qe2 Qd3 27. Qxd3 Bxd3 28. Bd1 c5 29. f3 Bd4+ 30. Kg2 Kf7 31. g4 Ke6 32. Kg3 Ke5 33. f4+ Kd6 34. Kf3 b6 35. a4 Kc7 36. h4 h6 37. f5 Kd6 38. Kf4 Bg1 39. g5 Bh2+ 40. Kg4 hxg5 41. hxg5 Ke5 42. gxf6 gxf6 43. Kh3 Bf4 0-1